Escritos de futuro (Registro nro. 453)
[ vista simple ]
| 000 -LEADER | |
|---|---|
| fixed length control field | 01411nam a22002417a 4500 |
| 003 - CONTROL NUMBER IDENTIFIER | |
| control field | OSt |
| 005 - DATE AND TIME OF LATEST TRANSACTION | |
| control field | 20250224114610.0 |
| 008 - FIXED-LENGTH DATA ELEMENTS--GENERAL INFORMATION | |
| fixed length control field | 250224s2001 |||||||| |||| 00| 1 spa d |
| 020 ## - INTERNATIONAL STANDARD BOOK NUMBER | |
| International Standard Book Number | 9505116187 |
| 040 ## - CATALOGING SOURCE | |
| Transcribing agency | besoc |
| 245 00 - TITLE STATEMENT | |
| Title | Escritos de futuro |
| 260 ## - PUBLICATION, DISTRIBUTION, ETC. | |
| Place of publication, distribution, etc. | Buenos Aires : |
| Name of publisher, distributor, etc. | Alfaguara, |
| Date of publication, distribution, etc. | 2001 |
| 300 ## - PHYSICAL DESCRIPTION | |
| Extent | 109 p. |
| 490 0# - SERIES STATEMENT | |
| Series statement | Alfaguara juvenil |
| 520 ## - SUMMARY, ETC. | |
| Summary, etc. | Este libro tiene muchos autores, pero no está completo. Cada uno de los lectores tendrá la posibilidad de completarlo, de reconstruir sus fragmentos, de responder a sus preguntas, de sugerir otras, de escribirlo y garabatearlo, de ejercer la libertad y el derecho de tomarlo como propio. Por eso, las formas abiertas, los puntos suspensivos, los silencios, las sensaciones inconexas e intransferibles. En esos espacios está el lugar del lector, protagonista principal de estas páginas.<br/>Todos los textos del libro tienen un tema en común: el futuro. Avances de la tecnología. Explicaciones filosóficas. Intentos por entender de que vendrá con el devenir de la historia. [Nota del editor] |
| 650 #4 - SUBJECT ADDED ENTRY--TOPICAL TERM | |
| Topical term or geographic name entry element | Literatura universal |
| Form subdivision | Cuentos |
| General subdivision | Cine |
| Form subdivision | Fragmentos |
| 700 1# - ADDED ENTRY--PERSONAL NAME | |
| Personal name | Wells, H. G. (Herbert George), |
| Dates associated with a name | 1866-1946 |
| Relator term | autor |
| 700 1# - ADDED ENTRY--PERSONAL NAME | |
| Personal name | Bioy Casares, Adolfo, |
| Dates associated with a name | 1914-1999, |
| Relator term | autor |
| 700 1# - ADDED ENTRY--PERSONAL NAME | |
| Personal name | Leonardo da Vinci, |
| Dates associated with a name | 1452-1519, |
| Relator term | autor |
| 700 1# - ADDED ENTRY--PERSONAL NAME | |
| Personal name | Godard, Jean Luc, |
| Relator term | autor |
| 700 1# - ADDED ENTRY--PERSONAL NAME | |
| Personal name | Clarke, Arthur C., |
| Relator term | 1917-2008 |
| 942 ## - ADDED ENTRY ELEMENTS (KOHA) | |
| Source of classification or shelving scheme | Universal Decimal Classification |
| Koha item type | Obra General |
| Suppress in OPAC | No |
| Withdrawn status | Lost status | Source of classification or shelving scheme | Damaged status | Not for loan | Collection | Home library | Current library | Date acquired | Total checkouts | Full call number | Barcode | Date last seen | Price effective from | Koha item type |
|---|---|---|---|---|---|---|---|---|---|---|---|---|---|---|
| Universal Decimal Classification | Colección General | Biblioteca Escuela de Ciencias Sociales | Biblioteca Escuela de Ciencias Sociales | 24/02/2025 | 82-34 ES74 | 001282 | 24/02/2025 | 24/02/2025 | Obra General |